| 000 | 00770nam a22002177a 4500 | ||
|---|---|---|---|
| 005 | 20260122092630.0 | ||
| 008 | 160307b xxu||||| |||| 00| 0 eng d | ||
| 020 | _a9789718212769 | ||
| 082 | _aDFil 170 G93 2012 | ||
| 100 |
_93507 _aGualdo, Rosendo S., author |
||
| 245 |
_aEthics: _bBasic concepts and contemporary moral issues/ _cRosendo S. Gualdo, Dennis M. Placido, Charlie M. Dagwasi. |
||
| 260 |
_aMalabon City: _bMutya Publishing House, Inc., _c©2012. |
||
| 300 |
_a258 pages; _c26 cm. |
||
| 365 |
_b601.25 _cPhp |
||
| 500 | _aIncludes bibliographical references and glossary. | ||
| 650 | 0 |
_93508 _aEthics |
|
| 650 | 0 |
_93509 _aMoral education |
|
| 650 | 0 |
_93510 _aConduct of life |
|
| 700 |
_93511 _aPlacido, Dennis M.; Dagwasi, Charlie M. |
||
| 942 |
_2ddc _cDFIL |
||
| 999 |
_c1223 _d1223 |
||